000 01073cam a22003014a 4500
999 _c60423
_d60423
001 12384916
005 20230714121807.0
008 010419s2002 maua b 001 0 eng
010 _a 2001031706
020 _a020533511X X
040 _aDLC
_cDLC
_dDLC
042 _apcc
050 0 0 _aBF121
_b.G47 2002
080 _a159 G-38
082 0 0 _221
100 1 _aGerrig, Richard J.
_919341
245 1 0 _aPsychology and life /
_cRichard J. Gerrig, Philip G. Zimbardo.
250 _a16th ed.
260 _aBoston :
_bAllyn and Bacon,
_cc2002.
300 _a1 v. (various pagings) :
_bill. (chiefly col.) ;
_c29 cm.
504 _aIncludes bibliographical references (p. R1-R46) and indexes.
650 0 _aPsychology.
_919342
653 _aფსიქოლოგია და ცხოვრება
700 1 _aZimbardo, Philip G.
_919343
906 _a7
_bcbc
_corignew
_d1
_eocip
_f20
_gy-gencatlg
942 _2udc
_cBK
955 _apc20 to sa00 04-18-01; sh30 04-20-01; sh13 04-26-01; sh43 to Dewey 04-27-01; aa05 05-01-01
_aps07 2002-01-08 bk rec'd, to CIP ver.